NBA 2004 Playoffs Starters - Statistics

General Stats
  • This quiz has been taken 562 times
    541 since last reset
  • The average score is 44 of 80
Answer Stats
Team Player % Correct
Lakers Shaquille O'Neal
97%
Lakers Kobe Bryant
96%
Nets Jason Kidd
95%
Pacers Reggie Miller
95%
Spurs Tim Duncan
95%
Nuggets Andre Miller
94%
Timberwolves Kevin Garnett
94%
Grizzlies Mike Miller
94%
Spurs Tony Parker
94%
Pistons Ben Wallace
93%
Pistons Rasheed Wallace
93%
Pistons Chauncey Billups
92%
Pacers Jermaine O'Neal
92%
Mavericks Dirk Nowitzki
91%
Heat Dwyane Wade
91%
Celtics Paul Pierce
91%
Kings Chris Webber
86%
Pistons Richard Hamilton
86%
Mavericks Steve Nash
85%
Nuggets Carmelo Anthony
83%
Rockets Yao Ming
83%
Grizzlies Jason Williams
81%
Kings Mike Bibby
79%
Kings Peja Stojaković
79%
Pacers Ron Artest
79%
Grizzlies Pau Gasol
78%
Lakers Karl Malone
77%
Kings Vlade Divac
77%
Lakers Gary Payton
76%
Pistons Tayshaun Prince
75%
Mavericks Antoine Walker
74%
Timberwolves Ervin Johnson
72%
Timberwolves Sam Cassell
72%
Rockets Jim Jackson
71%
Nets Kenyon Martin
69%
Nets Richard Jefferson
68%
Hornets Baron Davis
67%
Spurs Bruce Bowen
67%
Timberwolves Latrell Sprewell
65%
Bucks Damon Jones
62%
Heat Eddie Jones
62%
Rockets Steve Francis
57%
Bucks Joe Smith
56%
Kings Doug Christie
55%
Mavericks Michael Finley
55%
Bucks Michael Redd
52%
Knicks Stephon Marbury
52%
Hornets P.J. Brown
51%
Nuggets Marcus Camby
49%
Nets Kerry Kittles
46%
Nuggets Nenê Hilário
38%
Lakers Devean George
37%
Knicks Penny Hardaway
37%
Knicks Nazr Mohammed
36%
Pacers Jamaal Tinsley
33%
Nets Jason Collins
33%
Heat Lamar Odom
33%
Knicks Kurt Thomas
30%
Heat Brian Grant
27%
Rockets Cuttino Mobley
27%
Hornets Jamaal Magloire
27%
Knicks Shandon Anderson
25%
Hornets David Wesley
24%
Bucks Desmond Mason
23%
Heat Caron Butler
22%
Spurs Rasho Nesterović
20%
Pacers Jeff Foster
18%
Timberwolves Trenton Hassell
18%
Nuggets Voshon Lenard
14%
Grizzlies Lorenzen Wright
13%
Spurs Hedo Türkoğlu
11%
Celtics Mark Blount
8%
Celtics Chucky Atkins
7%
Grizzlies James Posey
7%
Mavericks Marquis Daniels
7%
Hornets George Lynch
6%
Rockets Kelvin Cato
6%
Celtics Walter McCarty
5%
Celtics Jiří Welsch
4%
Bucks Brian Skinner
3%
No matching quizzes found
Score Distribution
Percent of People with Each Score
Percentile by Number Answered
Your Score History
You have not taken this quiz since the last reset